Estadísticas para Países de América del Sur

Haz click aquí para tomar la prueba!

Estadísticas generales

  • Esta prueba ha sido tomada 2,241 veces
  • La puntuación promedio es 12 de 12

Estadísticas de respuestas

País % Correcto
Brasil
100%
Argentina
99%
Colombia
99%
Chile
99%
Perú
98%
Venezuela
98%
Uruguay
97%
Ecuador
97%
Bolivia
97%
Paraguay
97%
Guyana
93%
Surinam
89%

Distribución de puntuación

Porcentaje por número respondido

Porcentaje de gente con cada puntuación

Historial de tus puntuaciones

No has tomado esta prueba